| 000 | 00460pab a2200157 454500 | ||
|---|---|---|---|
| 008 | 180718b1996 xxu||||| |||| 00| 0 eng d | ||
| 100 | _aCatt, Helena | ||
| 245 | _aThe other democratic experiment: New Zealand's experience with citizens' initiated referendum | ||
| 260 | _c1996 | ||
| 300 | _ap.29-47 | ||
| 362 | _aJuly | ||
| 650 | _aCitizen participation - New Zealand | ||
| 650 | _aPolitics and government | ||
| 773 | _aPolitical Science | ||
| 909 | _a32593 | ||
| 999 |
_c32593 _d32593 |
||